Every Named RWBY Character - Statistics

General Stats
  • This quiz has been taken 100 times
    87 since last reset
  • The average score is 73 of 130
Answer Stats
Answer % Correct
Ruby Rose
100%
Weiss Schnee
100%
Blake Belladonna
96%
Sun Wukong
91%
Yang Xiao Long
91%
Flynt Coal
83%
Neon Katt
83%
Neptune Vasilias
83%
Adam Taurus
78%
An Ren
78%
Lie Ren
78%
Neopolitan
78%
Penny Polendina
78%
Sage Ayana
78%
Scarlet David
78%
Arthur Watts
74%
Cinder Fall
74%
Coco Adel
74%
Emerald Sustrai
74%
Fox Alistair
74%
Ghira Belladonna
74%
Harriet Bree
74%
Hazel Rainart
74%
James Ironwood
74%
Jaune Arc
74%
Kali Belladonna
74%
Li Ren
74%
Maria Calavera
74%
Mercury Black
74%
Nora Valkyrie
74%
Pyrrha Nikos
74%
Qrow Branwen
74%
Raven Branwen
74%
Roman Torchwick
74%
Salem
74%
Summer Rose
74%
Taiyang Xiao Long
74%
Tyrian Callows
74%
Velvet Scarlatina
74%
Winter Schnee
74%
Cardin Winchester
70%
Clover Ebi
70%
Elm Ederne
70%
Glynda Goodwitch
70%
Ilia Amitola
70%
Marrow Amin
70%
Ozpin
70%
The Curious Cat
70%
Willow Schnee
70%
Yatsuhashi Daichi
70%
Bartholemew Oobleck
65%
Fiona Thyme
65%
Ozma
65%
Pietro Polendina
65%
Robyn Hill
65%
Sienna Khan
65%
Vine Zeki
65%
Whitley Schnee
65%
Amber
61%
Corsac Albain
61%
Fennec Albain
61%
Jacques Schnee
61%
Little/Somewhat
61%
May Marigold
61%
May Zedong
61%
Peter Port
61%
Brawnz Ni
57%
Dove Bronzewing
57%
Jinn
57%
Leonardo Lionheart
57%
Oscar Pine
57%
Sky Lark
57%
God of Darkness
52%
God of Light
52%
Klein Sieben
52%
Kobalt
52%
Russel Thrush
52%
The Red Prince
52%
Alyx
48%
Ambrosius
48%
Caroline Cordovin
48%
Fria
48%
Vernal
48%
Dee
43%
Dew Gayl
43%
Dudley
43%
Ivori
43%
Joanna Greenleaf
43%
Junior Xiong
43%
Melanie Malachite
43%
Miltia Malachite
43%
Nolan Porfirio
43%
Octavia Ember
43%
Old Man Shopkeep
43%
Saphron Cotta-Arc
43%
Terra Cotta-Arc
43%
The Blacksmith
43%
The Herbalist
43%
Zwei
43%
Arslan Altan
39%
Bolin Hori
39%
Ciel Soleil
39%
Henry Marigold
39%
Lil' Miss Malachite
39%
Reese Chloris
39%
Sleet
39%
Adrian Cotta-Arc
35%
Camilla
35%
Gwen Darcy
35%
Jinxy Peddler
35%
Nebula Violette
35%
Roy Stallion
35%
Tukson
35%
Jabberwalker
30%
Juniper
30%
Lewis
30%
Perry
30%
Tock
30%
Trifa
30%
Lisa Lavender
26%
Nadir Shiko
26%
Shay D. Mann
26%
Yuma
26%
Deery
22%
Forest
22%
Mata
22%
The Hound
22%
Nicholas Schnee
13%
Saber Rodentia
13%
Rhodes
9%
No matching quizzes found
Score Distribution
Percent of People with Each Score
Percentile by Number Answered
Your Score History
You have not taken this quiz since the last reset